| 000 | 00744nam a22002537a 4500 | ||
|---|---|---|---|
| 003 | CHAP | ||
| 005 | 20220329140059.0 | ||
| 008 | 971013s r 00010 d | ||
| 010 | _a46693 | ||
| 011 | _a47665 | ||
| 035 | _a51808 | ||
| 040 | _cCHAP | ||
| 090 | _aR-662 | ||
| 100 | 0 | 0 |
_aTinarelli, Antonio. _9113355 |
| 245 | _aClassificazione e riconoscimiento delle varietá italiane di rizo | ||
| 500 | _aSobretiro de : Il Riso. Feb. 1961. pp. 3-15 | ||
| 590 |
_aBATCH-UPD _b10 _c20130109 _lUCH01 _h2329 |
||
| 590 |
_aBATCH-UPD _b10 _c20130110 _lUCH01 _h0057 |
||
| 590 |
_aCONVERSION _b10 _c20130109 _lUCH01 _h1326 |
||
| 650 | 1 | 4 |
_aArroz _xVariedades. _97668 |
| 901 | _aBK | ||
| 942 | _cREIMP | ||
| 949 |
_aR-662 _bBC _cR _d-115757 _eTS1 _i51808 _si |
||
| 999 |
_c46693 _d46693 |
||